[Event "Nakamura-Ponomariov Classical Match"]
[Site "Saint Louis USA"]
[Date "2011.05.18"]
[Round "2"]
[White "Nakamura,Hi"]
[Black "Ponomariov,R"]
[Result "1/2-1/2"]
[WhiteElo "2774"]
[BlackElo "2754"]

1.e4 e5 2.Nf3 Nc6 3.Bb5 Nf6 4.O-O Nxe4 5.d4 Nd6 6.dxe5 Nxb5 7.a4 Nbd4 8.Nxd4 d5
9.Nxc6 bxc6 10.Qd3 Qd7 11.Nd2 a5 12.Re1 Bb4 13.c3 Be7 14.Nb3 c5 15.Qf3 O-O
16.Be3 c4 17.Nd4 Rb8 18.Re2 Rb6 19.Rd2 c5 20.Ne2 Bb7 21.Qh5 g6 22.Qh6 Re8
23.Nf4 Bf8 24.Qh3 Qxh3 25.gxh3 Rxe5 26.Rad1 Kg7 27.Nxd5 Rd6 28.Nc7 Rxd2 29.Rxd2 Be7
30.Ne8+ Kf8 31.Nd6 Bxd6 32.Rxd6 Rd5 33.Rxd5 Bxd5 34.Bxc5+ Ke8 35.Bb6 Bc6
36.Bxa5 Bxa4 37.Kg2  1/2-1/2

[Event "Nakamura-Ponomariov Classical Match"]
[Site "Saint Louis USA"]
[Date "2011.05.19"]
[Round "3"]
[White "Ponomariov,R"]
[Black "Nakamura,Hi"]
[Result "0-1"]
[WhiteElo "2754"]
[BlackElo "2774"]

1.d4 Nf6 2.c4 g6 3.Nc3 Bg7 4.e4 d6 5.Nf3 O-O 6.Be2 e5 7.O-O Na6 8.Re1 c6
9.Be3 Ng4 10.Bg5 f6 11.Bh4 Qe8 12.c5 dxc5 13.dxe5 Nxe5 14.Nxe5 fxe5 15.Bxa6 bxa6
16.Qd6 c4 17.Rad1 Be6 18.Bg3 Rf7 19.Bxe5 Bg4 20.Bxg7 Bxd1 21.Bf6 Bg4 22.e5 Qd7
23.Ne4 Bf5 24.Qb4 Bxe4 25.Rxe4 Re8 26.f3 Rxf6 27.exf6 Rxe4 28.fxe4 Qd4+ 29.Kf1 Qxe4
30.Qb7 Qf5+ 31.Ke2 Qxf6 32.Qb8+ Kf7 33.Qxa7+ Ke6 34.Qb7 Qe5+ 35.Kf3 Qf5+
36.Ke3 Qc5+ 37.Kf3 c3 38.Qc8+ Kd5 39.bxc3 Qxc3+ 40.Kg4 Qd4+ 41.Kh3 Qe3+ 42.Kh4 Qe7+
43.Kg3 Qg5+  0-1

[Event "Nakamura-Ponomariov Classical Match"]
[Site "Saint Louis USA"]
[Date "2011.05.20"]
[Round "4"]
[White "Nakamura,Hi"]
[Black "Ponomariov,R"]
[Result "1/2-1/2"]
[WhiteElo "2774"]
[BlackElo "2754"]

1.d4 d5 2.c4 e6 3.Nc3 Be7 4.cxd5 exd5 5.Bf4 c6 6.e3 Bf5 7.Bd3 Bxd3 8.Qxd3 Nf6
9.Nge2 Nh5 10.Bxb8 Rxb8 11.f3 O-O 12.O-O f5 13.a3 a6 14.b4 Qd7 15.Rae1 Rbe8
16.Nc1 a5 17.bxa5 Bxa3 18.Nxd5 Bxc1 19.Nb6 Qe6 20.Rxc1 Qxe3+ 21.Qxe3 Rxe3
22.d5 cxd5 23.Nxd5 Re5 24.Rfd1 Nf6 25.Nxf6+ gxf6 26.Rd7 Rf7 27.Rcc7 Rxd7
28.Rxd7 Rxa5 29.Rxb7 Ra1+ 30.Kf2 Ra2+ 31.Kg3 f4+ 32.Kxf4 Rxg2 33.h4 Rh2 34.Kg4 Rh1
35.f4 Rh2 36.Rc7 Rh1 37.Ra7 Rh2 38.Ra1 Kg7 39.Ra5 Rh1 40.Ra2 Kg6 41.f5+ Kh6
42.Ra6 Rg1+ 43.Kf4 Rf1+ 44.Kg4 Rg1+ 45.Kh3 Kg7 46.Ra7+ Kg8 47.Ra8+ Kf7 48.Ra7+ Kg8
49.Ra8+ Kg7 50.Ra7+ Kg8 51.Ra8+  1/2-1/2

[Event "Nakamura-Ponomariov Classical Match"]
[Site "Saint Louis USA"]
[Date "2011.05.21"]
[Round "5"]
[White "Ponomariov,R"]
[Black "Nakamura,Hi"]
[Result "1/2-1/2"]
[WhiteElo "2754"]
[BlackElo "2774"]

1.d4 Nf6 2.c4 g6 3.Nc3 Bg7 4.e4 d6 5.Nf3 O-O 6.Be2 e5 7.O-O Na6 8.Re1 c6
9.Be3 Ng4 10.Bg5 Qc7 11.h3 exd4 12.Nxd4 Qb6 13.Bxg4 Bxg4 14.hxg4 Bxd4 15.Be3 Bxe3
16.Rxe3 Nc5 17.Qd2 Rad8 18.Rd1 Rfe8 19.b3 a5 20.Qd4 Rd7 21.g3 Qd8 22.f4 f6
23.Kg2 Qe7 24.Rde1 Qe6 25.Kf3 Rg7 26.Nd1 h5 27.Nf2 Rh7 28.Rd1 Rd7 29.gxh5 gxh5
30.Rh1 Rh7 31.Rh4 b6 32.Kg2 d5 33.cxd5 cxd5 34.e5 f5 35.Nh3 Ne4 36.Rxe4 dxe4
37.Ng5 Qd7 38.Qc4+ Kh8 39.Qe2 Rh6 40.e6 Rexe6 41.Nxe6 Qxe6  1/2-1/2

[Event "Nakamura-Ponomariov Rapid Match"]
[Site "Saint Louis USA"]
[Date "2011.05.24"]
[Round "1"]
[White "Ponomariov,R"]
[Black "Nakamura,Hi"]
[Result "1/2-1/2"]
[WhiteElo "2754"]
[BlackElo "2774"]

1.d4 f5 2.Nf3 Nf6 3.g3 g6 4.Bg2 d6 5.O-O Bg7 6.c4 O-O 7.Nc3 c6 8.d5 e6 9.dxe6 Bxe6
10.b3 Na6 11.Bb2 Re8 12.Qc2 Qe7 13.Rad1 Rad8 14.e3 Nb4 15.Qb1 a5 16.Ng5 Bc8
17.Ne2 Ng4 18.Bxg7 Kxg7 19.Nf3 Qf6 20.a3 Na6 21.b4 Be6 22.Rc1 axb4 23.axb4 Bf7
24.Ned4 c5 25.bxc5 dxc5 26.Nb5 b6 27.h3 Ne5 28.Nxe5 Qxe5 29.Qa2 Nb4 30.Qa7 Qb8
31.Qxb8 Rxb8 32.Nd6 Red8 33.Nxf7 Kxf7 34.Rfd1 Ke7 35.e4 f4 36.Rxd8 Rxd8 37.gxf4 Nd3
38.Rb1 Nxf4 39.Rxb6 Rd4 40.Bf1 h5 41.f3 Rd2 42.h4 Ne6 43.Bh3 Nf4 44.Bf1 Rc2
45.e5 Ne6 46.Bd3 Rc3 47.Bxg6 Rxf3 48.Rb7+ Kf8 49.Be4 Re3 50.Bd5 Rxe5 51.Kf2 Ke8
52.Kf3 Kf8 53.Rh7 Ng7 54.Kf4 Re1 55.Kg5 Rg1+ 56.Kf6 Ne8+ 57.Kf5 Rf1+ 58.Kg5 Rg1+
59.Kh6 Ng7 60.Be4 Kf7 61.Rh8 Rg4 62.Bd5+ Kf6 63.Rf8+ Ke5 64.Rf7 Nf5+ 65.Kxh5 Rxh4+
66.Kg5 Rf4 67.Be6 Nd4 68.Bd5 Nf3+ 69.Kg6 Rg4+ 70.Kh5 Rh4+ 71.Kg6 Nd2 72.Rf5+ Kd4
73.Be6 Ne4 74.Rd5+ Kc3 75.Kf5 Kb4 76.Rd1 Nc3 77.Re1 Rh5+ 78.Kf6 Na4 79.Ke7 Nb2
80.Re4 Rh7+ 81.Kd6 Rh6 82.Kd5 Nd1 83.Rf4 Nb2 84.Re4 Na4 85.Ke5 Rh1 86.Rf4 Rd1
87.Rf8 Nb2 88.Rb8+ Kc3 89.Kf6 Ra1 90.Rb5 Nd3 91.Bf5 Ra6+ 92.Ke7 Rc6 93.Kd7 Rh6  1/2-1/2

[Event "1st ICC Open Final"]
[Site "ICC INT"]
[Date "2011.06.05"]
[Round "1.2"]
[White "Nakamura,Hi"]
[Black "Altounian,L"]
[Result "1-0"]
[WhiteElo "2774"]
[BlackElo "2428"]

1.b3 Nf6 2.Bb2 g6 3.e4 Bg7 4.g3 O-O 5.Bg2 d5 6.exd5 Nxd5 7.Bxg7 Kxg7 8.d4 c5
9.dxc5 Qa5+ 10.c3 Nf6 11.b4 Qc7 12.Ne2 Rd8 13.Qc1 Bg4 14.f3 Bf5 15.O-O Bd3
16.Re1 e5 17.Nd2 b6 18.Nb3 Nbd7 19.Qe3 Bc4 20.Nd2 Nd5 21.Qf2 Bxe2 22.Qxe2 bxc5
23.b5 N7f6 24.Qxe5 Qxe5 25.Rxe5 Nxc3 26.Nc4 Nxb5 27.Rxc5 Rac8 28.Rxb5 Rxc4
29.Ra5 Rd2 30.Rxa7 Rcc2 31.Bf1 Nd5 32.Re1 Rxh2 33.a4 h5 34.Rd7 Rhd2 35.a5 h4
36.gxh4 Kh6 37.a6 Ra2 38.Rxf7 Nc3 39.Ree7 g5 40.Rf6+  1-0

[Event "1st ICC Open Final"]
[Site "ICC INT"]
[Date "2011.06.05"]
[Round "1.3"]
[White "Altounian,L"]
[Black "Nakamura,Hi"]
[Result "1-0"]
[WhiteElo "2428"]
[BlackElo "2774"]

1.e4 e5 2.Nf3 Nf6 3.Nxe5 d6 4.Nc4 Nxe4 5.d4 d5 6.Ne3 Be7 7.Nd2 O-O 8.Bd3 Nxd2
9.Bxd2 g6 10.h4 Bxh4 11.Qf3 c6 12.O-O-O Bg5 13.Rh2 Nd7 14.Rdh1 h6 15.Rxh6 Bxh6
16.Rxh6 Nf6 17.Qg3 Ne4 18.Bxe4 dxe4 19.Bc3 Kg7 20.Qh2 Kf6 21.Qe5+  1-0

[Event "1st ICC Open Final"]
[Site "ICC INT"]
[Date "2011.06.05"]
[Round "1.4"]
[White "Nakamura,Hi"]
[Black "Altounian,L"]
[Result "1/2-1/2"]
[WhiteElo "2774"]
[BlackElo "2428"]

1.e4 e6 2.d4 d5 3.Nc3 Nf6 4.Bg5 dxe4 5.Nxe4 Be7 6.Bxf6 gxf6 7.c3 f5 8.Nd2 c5
9.dxc5 Bxc5 10.Bb5+ Nc6 11.Qe2 Bd7 12.Ngf3 Qc7 13.Nb3 Be7 14.O-O-O O-O-O
15.Kb1 Bf6 16.Rd2 a6 17.Bd3 Ne5 18.Nxe5 Qxe5 19.Qxe5 Bxe5 20.g3 Bc6 21.Re1 Bf6
22.Bf1 Be4+ 23.Kc1 h5 24.Rxd8+ Rxd8 25.Nd2 Bd5 26.Bc4 Bc6 27.h4 f4 28.Ne4 Bxe4
29.Rxe4 fxg3 30.fxg3 Be7 31.Be2 Rh8 32.Re5 Bd6 33.Rxh5 Rxh5 34.Bxh5 f5 35.g4 Bg3
36.gxf5 exf5 37.Bg6 Bxh4 38.Bxf5+ Kc7 39.Kc2 Bf6 40.a4 a5 41.Kb3 b6 42.Kc4 Be7
43.Kb5 Bd6 44.Bg4 Be7 45.Bh3 Bf8 46.Bg2 Be7 47.Bh1 Bf8 48.Bf3 Be7 49.Be2 Bf8
50.Bd1 Bh6 51.Bc2 Bc1 52.b3 Bd2 53.Kc4 Be1 54.Bd1 Bd2 55.Be2 Be1 56.Bf1 Bd2
57.Bg2 Be1 58.Kd3 Bg3 59.Bh3 Bd6 60.Bg4 Be7 61.Bh5 Bf8 62.Bg6 Be7 63.Bh7 Bd6
64.Bg8 Be7 65.Bf7 Bd6 66.Be6 Be7 67.Bd5 Bd6 68.Be4 Be7 69.Bf3 Bd6 70.Kc4 Be7
71.Be2 Bd6 72.Bd3 Be7 73.Bc2 Bf6 74.Bb1 Be7 75.Ba2 Bd6 76.Bb1 Be7 77.Be4 Bd6
78.Bg6 Be7 79.Bh5 Bd6 80.Bd1 Be7 81.Bf3 Bd6 82.Bg4 Be7 83.Bf5 Bd6 84.Bg6 Be5
85.Be8 Bf6 86.Bb5 Be5 87.Ba6 Bf6 88.Kd3 Bg7 89.Bc4 Bf6 90.Bd5 Bg7 91.Ba8 Bf6
92.Kc4 Bg7 93.Bf3 Bf6 94.Bg4 Bg7 95.b4 Bf6 96.Bf3 Bg7 97.Be2 Bf6 98.Bd1 Bg7
99.Bc2 Bf6 100.Bb1 Bg7 101.Ba2 Bf6 102.Bb3 Bg7 103.Bc2 Bf6 104.Bd3 Bg7 105.b5 Bf6
106.Be4 Kd6 107.Bf3 Be7 108.Be2 Bf6 109.Bd1 Be5 110.Bc2 Bf6 111.Bb3 Be5 112.Ba2 Kd7
113.Bb1 Bd6 114.Kd5 Bc5 115.Bf5+ Kc7 116.Be6 Kd8 117.Kc6 Ke7 118.Bd5 Kf6
119.Be4 Ke5 120.Bd5 Kf4 121.Bb3 Ke3 122.Kd5 Kd2 123.c4 Kc3 124.Bd1 Kd2 125.Bh5 Kc3
126.Bg4 Kb4 127.Bd1 Kc3 128.Bh5 Kd2 129.Bg4 Kc3 130.Bh5 Kd2 131.Bg4 Kc3 132.Bf3 Kb3
133.Bd1+ Kc3  1/2-1/2

[Event "1st ICC Open Final"]
[Site "ICC INT"]
[Date "2011.06.05"]
[Round "1.1"]
[White "Altounian,L"]
[Black "Nakamura,Hi"]
[Result "0-1"]
[WhiteElo "2428"]
[BlackElo "2774"]

1.e4 c5 2.c3 d5 3.exd5 Qxd5 4.d4 Nf6 5.Nf3 Bg4 6.Be2 e6 7.h3 Bh5 8.O-O cxd4
9.cxd4 Bb4 10.a3 Ba5 11.b4 Bc7 12.Nc3 Qd8 13.Bg5 Nbd7 14.d5 O-O 15.dxe6 fxe6
16.Nd4 Bf7 17.Bc4 Re8 18.Re1 Ne5 19.Bb5 Re7 20.Ne4 Bb6 21.Nxf6+ gxf6 22.Bxf6 Bxd4
23.Bxe7 Qb6 24.Bc5 Bxc5 25.bxc5 Qxc5 26.Qe2 Ng6 27.Rac1 Qxa3 28.Rc7 Rb8 29.Bc4 Qd6
30.Rxf7 Kxf7 31.Qf3+ Kg7 32.Rxe6 Qb4 33.Rxg6+ hxg6 34.Qf7+ Kh6 35.Qf4+ g5
36.Qf6+ Kh7 37.Bd3+ Kg8 38.Qe6+ Kf8 39.Qf6+ Kg8 40.Qxg5+ Kf7 41.Qg6+ Ke7
42.Qg7+ Ke6 43.Qg6+ Kd7 44.Bf5+ Kc7 45.Qf7+ Kb6 46.Qe6+ Kc7 47.Qf7+ Kc6 48.Qe6+ Qd6
49.Qc4+ Kb6 50.Qb3+ Kc6 51.Qc4+ Qc5 52.Qe6+ Kc7 53.Qf7+ Kb6 54.Qb3+ Qb5 55.Qe6+ Ka5
56.Qa2+ Qa4 57.Qd5+ b5 58.Qc5 Rb6 59.g4 Qb4 60.Qc7 a6 61.h4 Qe1+ 62.Kg2 b4
63.Qc5+ Rb5 64.Qc7+ Ka4 65.Bd7 Qe4+ 66.Kg3 b3 67.Bxb5+ Kxb5 68.Qb8+ Ka4 69.Qa7 Qd3+
70.f3 b2 71.Qb6 b1=Q 72.Qc6+ Qbb5 73.Qf6 Qd6+ 74.Qf4+ Qbb4  0-1

[Event "1st ICC Open Final"]
[Site "ICC INT"]
[Date "2011.06.05"]
[Round "2.1"]
[White "Hovhannisyan,R"]
[Black "Nakamura,Hi"]
[Result "0-1"]
[WhiteElo "2553"]
[BlackElo "2774"]

1.e4 b6 2.d4 Bb7 3.Bd3 e6 4.Nf3 d5 5.exd5 Qxd5 6.O-O Nf6 7.c4 Qd8 8.Nc3 Be7
9.Bg5 Nbd7 10.Re1 O-O 11.Ne5 Nxe5 12.dxe5 Nd7 13.Bxe7 Qxe7 14.Qh5 h6 15.Re3 Qg5
16.Qxg5 hxg5 17.b4 a5 18.b5 Rad8 19.Rae1 Nc5 20.Bc2 Rd4 21.Rh3 g6 22.Bb3 Rfd8
23.Rhe3 Rg4 24.Rg3 Rxg3 25.hxg3 Rd3 26.Re3 Rxe3 27.fxe3 Nd3 28.Na4 Kf8 29.Kf1 Ke7
30.Ke2 Nxe5 31.c5 bxc5 32.Nxc5 Bxg2 33.Bc2 Bd5 34.a4 Kd6  0-1

[Event "1st ICC Open Final"]
[Site "ICC INT"]
[Date "2011.06.05"]
[Round "2.3"]
[White "Hovhannisyan,R"]
[Black "Nakamura,Hi"]
[Result "0-1"]
[WhiteElo "2553"]
[BlackElo "2774"]

1.e4 b6 2.d4 Bb7 3.Bd3 e6 4.Nf3 d5 5.e5 c5 6.c3 Ne7 7.O-O Nec6 8.a3 Ba6 9.Bxa6 Nxa6
10.b4 Nc7 11.Be3 c4 12.a4 Be7 13.Nbd2 Qd7 14.Bg5 O-O-O 15.Bxe7 Nxe7 16.Nb1 a6
17.Qd2 Rdf8 18.Qg5 Ne8 19.Nbd2 f5 20.exf6 gxf6 21.Qh5 Ng6 22.g3 Ng7 23.Qh3 e5
24.Qxd7+ Kxd7 25.dxe5 fxe5 26.Rfe1 Re8 27.Rad1 Kc6 28.h4 h5 29.Ng5 Rhf8 30.Nf1 Nf5
31.Ne3 Nxe3 32.Rxe3 b5 33.axb5+ axb5 34.Ra1 Ra8 35.Rxa8 Rxa8 36.Rf3 d4 37.Rf6+ Kd5
38.f3 dxc3 39.Ne4 Kd4 40.Rxg6 c2 41.Kf2 Rd8 42.Rg8 Rxg8  0-1

[Event "1st ICC Open Final"]
[Site "ICC INT"]
[Date "2011.06.05"]
[Round "2.2"]
[White "Nakamura,Hi"]
[Black "Hovhannisyan,R"]
[Result "1-0"]
[WhiteElo "2774"]
[BlackElo "2553"]

1.b3 e5 2.Bb2 Nc6 3.e3 Nf6 4.Bb5 Bd6 5.Ne2 O-O 6.Bxc6 dxc6 7.d3 Be6 8.e4 Qe7
9.O-O Nd7 10.Ng3 g6 11.Nd2 Ba3 12.Qc1 Bxb2 13.Qxb2 a5 14.a4 f6 15.Qc3 Qc5
16.Qxc5 Nxc5 17.f4 exf4 18.Rxf4 Kg7 19.d4 Nd7 20.Ngf1 c5 21.d5 Bf7 22.Ne3 Ne5
23.Nec4 Nxc4 24.Nxc4 b6 25.g4 Rae8 26.Nd2 g5 27.Rf3 Bg6 28.Re1 Re7 29.Rfe3 Rfe8
30.h3 h5 31.Kg2 hxg4 32.hxg4 Rh8 33.Rh1 Rxh1 34.Kxh1 f5 35.gxf5 Bxf5 36.Kg2 Bg6
37.Kg3 Kf6 38.c4 Bh5 39.Re1 Ke5 40.Rh1 Rh7 41.Nf3+ Kf6 42.e5+ Kf5 43.e6 Kf6
44.Rf1 Bxf3 45.Rxf3+ Ke5 46.Rf7 Rh1 47.Rxc7 Re1 48.Rc6 Re3+ 49.Kg4 Kf6 50.Rxb6 Re4+
51.Kf3 Kf5 52.Rb8 g4+ 53.Kf2 Kf4 54.Rf8+ Kg5 55.d6 Rxe6 56.d7 Rd6 57.d8=Q+ Rxd8
58.Rxd8 Kf4 59.Rd5 g3+ 60.Kg2 Ke4 61.Rxc5 Kd4 62.Rxa5 Ke4 63.Rb5 Kd4 64.a5 Kc3
65.a6 Kd4 66.a7 Kc3 67.a8=Q Kd4 68.Qd5+ Kc3 69.c5 Kc2 70.c6 Kc3 71.c7 Kb2
72.Rc5 Ka3 73.c8=Q Kb2 74.b4 Ka3 75.b5 Kb4 76.b6 Ka4 77.b7 Kb4 78.b8=Q+ Ka4
79.Qxg3  1-0

[Event "1st ICC Open Final"]
[Site "ICC INT"]
[Date "2011.06.05"]
[Round "3.2"]
[White "Nakamura,Hi"]
[Black "Simonian,H"]
[Result "1-0"]
[WhiteElo "2774"]
[BlackElo "2468"]

1.b3 Nf6 2.Bb2 b6 3.g3 Bb7 4.Nf3 e6 5.Bg2 Be7 6.O-O O-O 7.d3 c5 8.e4 d5 9.Nbd2 d4
10.Ne1 Nc6 11.f4 Qc7 12.h3 b5 13.Nef3 e5 14.f5 Na5 15.c4 dxc3 16.Bxc3 Nc6
17.Qe2 Rad8 18.Rfd1 Ba6 19.Bb2 Nh5 20.Kh2 g6 21.Qe3 Nd4 22.Rac1 Rfe8 23.b4 Bd6
24.bxc5 Bxc5 25.Bxd4 exd4 26.Qg5 h6 27.Qg4 Nf6 28.Qh4 Nd7 29.fxg6 fxg6 30.Qxh6 Qb6
31.Ng5 Nf8 32.Rf1  1-0

[Event "1st ICC Open Final"]
[Site "ICC INT"]
[Date "2011.06.05"]
[Round "3.8"]
[White "Nakamura,Hi"]
[Black "Simonian,H"]
[Result "1/2-1/2"]
[WhiteElo "2774"]
[BlackElo "2468"]

1.b3 Nf6 2.Bb2 b6 3.g3 Bb7 4.Nf3 e6 5.Bg2 c5 6.O-O d5 7.e3 Nc6 8.Qe2 Bd6
9.d4 O-O 10.c4 Rc8 11.cxd5 Nxd5 12.dxc5 Bxc5 13.Rd1 Qe7 14.Nc3 Ncb4 15.Nxd5 Nxd5
16.Rac1 Ba3 17.Nd4 h6 18.Nb5 Bxb2 19.Qxb2 a6 20.Nc3 Nf6 21.Ne2 Bxg2 22.Kxg2 Qb7+
23.Kg1 Ne4 24.Nd4 Ng5 25.h4 Ne4 26.Rxc8 Rxc8 27.Rc1 e5 28.Nf5 Rxc1+ 29.Qxc1 Qd7
30.g4 Nf6 31.f3 h5 32.Qc8+ Qxc8 33.Ne7+ Kf8 34.Nxc8 hxg4 35.fxg4 Nxg4 36.Nxb6 Nxe3
37.Nd7+ Ke7 38.Nxe5 Nf5 39.h5 Ng3 40.h6 gxh6 41.a4 Ne4 42.b4 Nc3 43.b5 axb5
44.axb5 Nxb5 45.Kg2 Kf6 46.Nf3 Kg6 47.Kg3 Nd6 48.Kf4 Ne8 49.Ne5+ Kg7 50.Nf3 Nf6
51.Nh4 Ng8 52.Kf5 Ne7+ 53.Kg4 Kf6 54.Kh5 Nf5 55.Nf3 Kg7 56.Kg4 Ne3+ 57.Kh5 Nd5
58.Nd4 Nf6+ 59.Kh4 Kg6 60.Nf3 Kf5 61.Nd4+ Ke5 62.Nc6+ Kf5 63.Nd8 Kg6 64.Nc6 Nd7
65.Ne7+ Kf6 66.Ng8+ Kg7 67.Ne7 Nf8 68.Kh5 Kf6 69.Ng8+ Kg7 70.Nxh6 Ng6 71.Nxf7  1/2-1/2

[Event "1st ICC Open Final"]
[Site "ICC INT"]
[Date "2011.06.05"]
[Round "3.1"]
[White "Simonian,H"]
[Black "Nakamura,Hi"]
[Result "0-1"]
[WhiteElo "2468"]
[BlackElo "2774"]

1.e4 b6 2.d4 Bb7 3.Bd3 e6 4.Nf3 d5 5.Nbd2 Nf6 6.Qe2 Be7 7.O-O O-O 8.c3 a5
9.Re1 Ba6 10.e5 Nfd7 11.Nf1 c5 12.Ng3 Bxd3 13.Qxd3 Nc6 14.Nh5 Rc8 15.a3 a4
16.Qe3 cxd4 17.cxd4 Na5 18.Nxg7 Rxc1 19.Raxc1 Kxg7 20.Qf4 Nc4 21.Rc3 Kh8
22.Qh6 Rg8 23.Qh5 Rg6 24.Re2 b5 25.Nd2 Qg8 26.Rg3 Nxb2 27.Ree3 Nc4 28.Nxc4 dxc4
29.Qf3 Nb6 30.Rxg6 Qxg6 31.h4 Nd5 32.Re1 Bxh4 33.g3 Be7 34.Kg2 c3 35.Rh1 Bxa3
36.Rh4 Be7 37.Rg4 Qf5 38.Qe2 c2  0-1

[Event "1st ICC Open Final"]
[Site "ICC INT"]
[Date "2011.06.05"]
[Round "3.5"]
[White "Simonian,H"]
[Black "Nakamura,Hi"]
[Result "1-0"]
[WhiteElo "2468"]
[BlackElo "2774"]

1.e4 c5 2.Nc3 d6 3.f4 g6 4.Nf3 Bg7 5.Bc4 Nc6 6.O-O e6 7.d3 Nge7 8.Qe1 O-O
9.f5 d5 10.Bb3 dxe4 11.f6 exf3 12.fxg7 Qd4+ 13.Rf2 Qxg7 14.Rxf3 Nd4 15.Rf2 b6
16.Bf4 f6 17.Bd6 Re8 18.Ba4 Rd8 19.Ne4 Nef5 20.c3 Bb7 21.cxd4 Bxe4 22.Qxe4 Nxd6
23.Qxe6+ Qf7 24.Rxf6 Qxe6 25.Rxe6 cxd4 26.Rc1 Rac8 27.Rxc8 Nxc8 28.Rc6 Nd6
29.Rc7 a5 30.Bb3+ Kh8 31.g4 g5 32.Kg2 b5 33.Kg3 Re8 34.Rd7 a4 35.Bd5 Nc8
36.Be4 h6 37.Rh7+ Kg8 38.Rxh6 Re5 39.Rc6 Ne7 40.Rd6 Rc5 41.Rxd4 Kf7 42.Rb4 Nc8
43.d4 Rc7 44.Rxb5 Nd6 45.Re5 Rc1 46.Bd5+ Kf8 47.Rxg5 Rc2 48.h4 Rxb2 49.h5 Rb5  1-0

[Event "1st ICC Open Final"]
[Site "ICC INT"]
[Date "2011.06.05"]
[Round "3.4"]
[White "Nakamura,Hi"]
[Black "Simonian,H"]
[Result "1/2-1/2"]
[WhiteElo "2774"]
[BlackElo "2468"]

1.b3 Nf6 2.Bb2 b6 3.Nf3 Bb7 4.g3 e6 5.Bg2 Be7 6.O-O O-O 7.e3 d5 8.d3 c5 9.c4 Nc6
10.Qe2 Qd7  1/2-1/2

[Event "1st ICC Open Final"]
[Site "ICC INT"]
[Date "2011.06.05"]
[Round "3.7"]
[White "Simonian,H"]
[Black "Nakamura,Hi"]
[Result "0-1"]
[WhiteElo "2468"]
[BlackElo "2774"]

1.e4 e5 2.Nf3 Nc6 3.Bb5 Nf6 4.O-O Nxe4 5.Re1 Nd6 6.Nxe5 Nxe5 7.Rxe5+ Be7
8.Bd3 O-O 9.Nc3 Ne8 10.b3 c6 11.Bb2 Bf6 12.Re1 d5 13.Qf3 Nc7 14.Re2 Ne6 15.Rae1 Nd4
16.Qh5 g6 17.Qh6 Nxe2+ 18.Rxe2 Bg5 19.Nxd5 Bxh6 20.Ne7+ Qxe7 21.Rxe7 Bg5
22.Re2  0-1

[Event "1st ICC Open Final"]
[Site "ICC INT"]
[Date "2011.06.05"]
[Round "3.3"]
[White "Simonian,H"]
[Black "Nakamura,Hi"]
[Result "1-0"]
[WhiteElo "2468"]
[BlackElo "2774"]

1.e4 b6 2.d4 Bb7 3.Nc3 e6 4.Nf3 Bb4 5.Bd3 Nf6 6.e5 Ne4 7.O-O Nxc3 8.bxc3 Bxc3
9.Rb1 d6 10.Rb3 Ba5 11.Bg5 Qd7 12.Qe2 Nc6 13.d5 Nxe5 14.Nxe5 dxe5 15.Bb5 c6
16.dxe6 Qxe6 17.Bc4 Qf5 18.Bxf7+ Kd7 19.Qh5 g6 20.Rf3 gxh5 21.Rxf5 Raf8 22.Rd1+ Kc8
23.Be7 Kc7 24.Bd6+  1-0

[Event "1st ICC Open Final"]
[Site "ICC INT"]
[Date "2011.06.05"]
[Round "3.6"]
[White "Nakamura,Hi"]
[Black "Simonian,H"]
[Result "1/2-1/2"]
[WhiteElo "2774"]
[BlackElo "2468"]

1.d4 Nf6 2.c4 b6 3.Nc3 Bb7 4.f3 d5 5.cxd5 Nxd5 6.e4 Nxc3 7.bxc3 e6 8.Be3 Be7
9.Bb5+ c6 10.Bd3 O-O 11.Ne2 c5 12.O-O cxd4 13.cxd4 Nc6 14.Qd2 Rc8 15.Rab1 Na5
16.Rfc1 Qd7 17.Bb5 Rxc1+ 18.Qxc1 Bc6 19.Bxc6 Nxc6 20.Qc2 Na5 21.Rc1 Ba3 22.Qc7 Qa4
23.Rc2 b5 24.Qc3 Nc4 25.Kf2 f5 26.exf5 Rxf5 27.Qb3 Qa6 28.Nc3 Be7 29.Ne4 Rd5
30.Nc3 Rf5 31.Ne4 Rd5 32.Nd2 Nxd2 33.Rxd2 Bf6 34.g3 Qd6 35.Rc2 Qd7 36.Qc3 Bxd4
37.Qc8+ Qxc8 38.Rxc8+ Kf7 39.Rc7+ Kf6 40.Bxd4+ Rxd4 41.Rxa7 Rd2+ 42.Ke3 Rxh2
43.a4 Ra2 44.a5 b4 45.Rb7 Rxa5 46.Rxb4 Ra3+ 47.Kf2 Ra5 48.g4 h6 49.Kg3 g5
50.Rc4 Rd5 51.Rb4 Rd3 52.Ra4 Rb3 53.Rc4 Kg6 54.Re4 Kf6 55.Rc4 Kg6 56.Re4 Rb6
57.Rc4 h5 58.Re4 h4+ 59.Kg2 Kf6 60.Ra4 Rb2+ 61.Kg1 Rc2 62.Re4 e5 63.Ra4 Ke6
64.Ra6+ Kd5 65.Rg6 Kd4 66.Rxg5 Ke3 67.Rf5 h3 68.Kh1 Rd2 69.g5 Rg2 70.Rxe5+ Kxf3
71.Re1 Rxg5 72.Kh2 Kg4 73.Rg1+ Kh4 74.Rxg5 Kxg5 75.Kxh3  1/2-1/2

[Event "5th Kings Tournament"]
[Site "Medias ROU"]
[Date "2011.06.12"]
[Round "2"]
[White "Nakamura,Hi"]
[Black "Nisipeanu,LD"]
[Result "1-0"]
[WhiteElo "2774"]
[BlackElo "2659"]

1.e4 e5 2.Nf3 Nc6 3.Bb5 a6 4.Ba4 Nf6 5.O-O Be7 6.Re1 b5 7.Bb3 d6 8.c3 O-O
9.h3 Na5 10.Bc2 c5 11.d4 Nd7 12.d5 Nb6 13.Nbd2 g6 14.b4 Nb7 15.Nf1 a5 16.Bh6 Re8
17.a3 Bd7 18.Ng3 Qc7 19.Bd3 axb4 20.axb4 Rxa1 21.Qxa1 Ra8 22.Qb1 c4 23.Bc2 f6
24.Be3 Nd8 25.Nd2 Nf7 26.f4 exf4 27.Bxf4 Ne5 28.Be3 Ra3 29.Ne2 Na4 30.Bd4 Bf8
31.Rf1 Qd8 32.Qc1 Ra2 33.Nf3 Bg7 34.Nxe5 fxe5 35.Be3 Nb6 36.Kh2 Be8 37.Ng1 h6
38.Bb1 Ra1 39.Qb2 Ra8 40.Bc2 Nd7 41.Ra1 Rxa1 42.Qxa1 Nf6 43.Qa6 Bf8 44.Nf3 Bd7
45.Nd2 Nh5 46.Nf3 Nf6 47.Kg1 Qc8 48.Qa1 Qb8 49.Kf1 Nh5 50.g4 Nf4 51.Bxf4 exf4
52.e5 dxe5 53.Qa6 Qd6 54.Qxd6 Bxd6 55.Bxg6 Kg7 56.Be4 h5 57.Nh2 Kh6 58.Kg2 hxg4
59.hxg4 Kg5 60.Kh3 f3 61.Kg3 f2 62.Nf3+ Kh6 63.g5+ Kh5 64.Kxf2 Be8 65.Ke3 Bf7
66.g6 Bxg6 67.Bxg6+ Kxg6 68.Ke4 Kf6 69.Nd2 Bf8 70.Nb1 Bh6 71.Na3 Bc1 72.Nxb5 Bd2
73.Nd6 Bxc3 74.b5 Ke7 75.Nxc4 Be1 76.Kxe5 Bg3+ 77.Kd4 Bf2+ 78.Kc3  1-0

[Event "5th Kings Tournament"]
[Site "Medias ROU"]
[Date "2011.06.13"]
[Round "3"]
[White "Karjakin,Sergey"]
[Black "Nakamura,Hi"]
[Result "1/2-1/2"]
[WhiteElo "2776"]
[BlackElo "2774"]

1.e4 c5 2.Nf3 d6 3.d4 cxd4 4.Nxd4 Nf6 5.Nc3 a6 6.Be3 Ng4 7.Bg5 h6 8.Bh4 g5
9.Bg3 Bg7 10.h3 Ne5 11.f3 Nbc6 12.Bf2 Be6 13.Qd2 Rc8 14.Nd5 Nxd4 15.Bxd4 Bxd5
16.exd5 Qc7 17.c3 Qa5 18.Be3 Nc4 19.Bxc4 Rxc4 20.O-O Be5 21.Qd3 Qb5 22.Rac1 Ra4
23.Qxb5+ axb5 24.a3 Kd7 25.Kf2 Rc8 26.Rcd1 f5 27.Ke2 Rg8 28.Kd3 h5 29.Rde1 h4
30.Bf2 Bf6 31.Rh1 Rh8  1/2-1/2

[Event "5th Kings Tournament"]
[Site "Medias ROU"]
[Date "2011.06.14"]
[Round "4"]
[White "Nakamura,Hi"]
[Black "Ivanchuk,V"]
[Result "1/2-1/2"]
[WhiteElo "2774"]
[BlackElo "2776"]

1.d4 Nf6 2.c4 e6 3.Nc3 Bb4 4.e3 Nc6 5.Bd3 e5 6.Ne2 d5 7.cxd5 Nxd5 8.e4 Nb6
9.d5 Ne7 10.O-O O-O 11.Bg5 Kh8 12.a3 Bd6 13.Nb5 h6 14.Be3 c6 15.dxc6 Nxc6
16.Nxd6 Qxd6 17.Qc2 Rd8 18.Rad1 Be6 19.Bb5 Qe7 20.Qc3 f6 21.Bxc6 bxc6 22.Bxb6 axb6
23.Qxc6 Rdc8 24.Qd6 Qxd6 25.Rxd6 Bc4 26.Rd2 b5 27.f3 b4 28.axb4 Bxe2 29.Rxe2 Rab8
30.b3 Rxb4 31.Rb1 h5 32.Kf2 h4 33.Rbb2 Kh7 34.Re3 Kg6 35.Rd3 Kg5 36.Ke3 g6
37.Ra2 Rcb8 38.Ra3 f5 39.exf5 gxf5 40.Kd2 Kf4 41.Kc3 R4b7 42.Ra4+ e4 43.fxe4 Rxb3+
44.Kc4 Rxd3 45.Kxd3 Rd8+ 46.Ke2 fxe4 47.g3+ hxg3 48.hxg3+ Kxg3 49.Rxe4  1/2-1/2

[Event "5th Kings Tournament"]
[Site "Medias ROU"]
[Date "2011.06.15"]
[Round "5"]
[White "Radjabov,T"]
[Black "Nakamura,Hi"]
[Result "1/2-1/2"]
[WhiteElo "2744"]
[BlackElo "2774"]

1.e4 c5 2.Nf3 d6 3.d4 cxd4 4.Nxd4 Nf6 5.Nc3 a6 6.Bg5 Nbd7 7.f4 e5 8.Nf5 Qb6
9.Qd2 Qxb2 10.Rb1 Qa3 11.Be2 h6 12.Bh4 exf4 13.O-O g6 14.Rxf4 g5 15.Rb3 Qa5
16.Nxd6+ Bxd6 17.Qxd6 gxf4 18.Ra3 Qb6+ 19.Qxb6 Nxb6 20.Bxf6 Rg8 21.Rb3 Nd7
22.Nd5 Rg6 23.Bd4 Rc6 24.c4 b5 25.cxb5 axb5 26.Nc3 Ba6 27.Kf2 Rd6 28.Rb4 f6
29.Kf3 Rc8 30.Nxb5 Bxb5 31.Bxb5 Ke7  1/2-1/2

[Event "5th Kings Tournament"]
[Site "Medias ROU"]
[Date "2011.06.17"]
[Round "6"]
[White "Nakamura,Hi"]
[Black "Carlsen,M"]
[Result "1/2-1/2"]
[WhiteElo "2774"]
[BlackElo "2815"]

1.e4 e5 2.Nf3 Nc6 3.Bb5 a6 4.Ba4 Nf6 5.O-O Be7 6.Re1 b5 7.Bb3 O-O 8.c3 d6
9.h3 Nb8 10.d4 Nbd7 11.c4 c6 12.Nc3 b4 13.Na4 c5 14.d5 Re8 15.Bc2 Nf8 16.a3 a5
17.b3 Ng6 18.Nb2 Bd7 19.Nh2 h6 20.Nf1 Nh7 21.Ne3 Bg5 22.axb4 axb4 23.Rxa8 Qxa8
24.Nf5 Bxc1 25.Qxc1 Bxf5 26.exf5 Ngf8 27.Nd1 Nf6 28.f3 Qa2 29.g4 Ra8 30.Nf2 Qa3
31.Qb1 Qa2 32.Qc1 Qa3 33.Qb1 Qa2 34.Qc1  1/2-1/2

[Event "5th Kings Tournament"]
[Site "Medias ROU"]
[Date "2011.06.18"]
[Round "7"]
[White "Nisipeanu,LD"]
[Black "Nakamura,Hi"]
[Result "1/2-1/2"]
[WhiteElo "2659"]
[BlackElo "2774"]

1.e4 c5 2.Nf3 d6 3.d4 cxd4 4.Nxd4 Nf6 5.Nc3 a6 6.Be2 e5 7.Nb3 Be7 8.Bg5 Nbd7
9.a4 h6 10.Bh4 b6 11.Nd2 Bb7 12.Nc4 Qc7 13.Ne3 O-O 14.O-O Rfe8 15.Bc4 Qc5
16.Bxf6 Nxf6 17.Qf3 Rac8 18.Ncd5 Nxd5 19.Bxd5 Bxd5 20.Nxd5 Qxc2 21.Nxb6 Rb8
22.Nd5 Qxb2 23.g3 Bg5 24.h4 Bd2 25.Rad1 Bb4 26.Rb1 Qa3 27.Ne7+ Kf8 28.Ng6+ Kg8
29.Ne7+ Kf8 30.Ng6+ Kg8 31.Ne7+ Kf8  1/2-1/2

[Event "5th Kings Tournament"]
[Site "Medias ROU"]
[Date "2011.06.19"]
[Round "8"]
[White "Nakamura,Hi"]
[Black "Karjakin,Sergey"]
[Result "1/2-1/2"]
[WhiteElo "2774"]
[BlackElo "2776"]

1.d4 Nf6 2.c4 e6 3.Nf3 b6 4.a3 Bb7 5.Nc3 d5 6.cxd5 Nxd5 7.Qc2 Nxc3 8.bxc3 Be7
9.e4 O-O 10.Bd3 c5 11.O-O Qc7 12.Qe2 Nc6 13.Be3 Rfd8 14.h4 e5 15.d5 Na5 16.h5 c4
17.Bc2 Nb3 18.Ra2 h6 19.Nh2 Bd6 20.Rb1 Nc5 21.Nf1 Ba6 22.Ng3 Bf8 23.Nf5 Nd3
24.g3 Bc8 25.Qf3 Bxf5 26.Qxf5 Bc5 27.Qf3 Bxe3 28.Qxe3 Nc5 29.Rb4 Nb7 30.Ba4 Nd6
31.Bc6 Rab8 32.a4 Rf8 33.g4 Kh7 34.f3 Qe7 35.Rh2 Qf6 36.Kf2 Rbc8 37.Ke1 Rc7
38.Kd1 Rd8 39.Ke2 Qe7 40.Rh1 Qf6 41.Ra1 Qh4 42.Rbb1 Qh2+ 43.Qf2 Qf4 44.Qe3 Qh2+
45.Qf2 Qf4 46.Qe3 Qh2+ 47.Qf2  1/2-1/2